<?xml version="1.0" encoding="UTF-8"?><?xml-stylesheet type="text/xsl" href="static/style.xsl"?><OAI-PMH xmlns="http://www.openarchives.org/OAI/2.0/" xmlns:xsi="http://www.w3.org/2001/XMLSchema-instance" xsi:schemaLocation="http://www.openarchives.org/OAI/2.0/ http://www.openarchives.org/OAI/2.0/OAI-PMH.xsd"><responseDate>2026-04-17T14:32:54Z</responseDate><request verb="GetRecord" identifier="oai:www.recercat.cat:11351/10718" metadataPrefix="marc">https://recercat.cat/oai/request</request><GetRecord><record><header><identifier>oai:recercat.cat:11351/10718</identifier><datestamp>2025-10-24T08:28:07Z</datestamp><setSpec>com_2072_451660</setSpec><setSpec>com_2072_378040</setSpec><setSpec>col_2072_451662</setSpec></header><metadata><record xmlns="http://www.loc.gov/MARC21/slim" xmlns:dcterms="http://purl.org/dc/terms/" xmlns:xsi="http://www.w3.org/2001/XMLSchema-instance" xmlns:doc="http://www.lyncode.com/xoai" xsi:schemaLocation="http://www.loc.gov/MARC21/slim http://www.loc.gov/standards/marcxml/schema/MARC21slim.xsd">
   <leader>00925njm 22002777a 4500</leader>
   <datafield ind2=" " ind1=" " tag="042">
      <subfield code="a">dc</subfield>
   </datafield>
   <datafield ind2=" " ind1=" " tag="720">
      <subfield code="a">Saez de Gordoa, Karmele</subfield>
      <subfield code="e">author</subfield>
   </datafield>
   <datafield ind2=" " ind1=" " tag="720">
      <subfield code="a">Rodrigo-Calvo, María Teresa</subfield>
      <subfield code="e">author</subfield>
   </datafield>
   <datafield ind2=" " ind1=" " tag="720">
      <subfield code="a">Archilla, Ivan</subfield>
      <subfield code="e">author</subfield>
   </datafield>
   <datafield ind2=" " ind1=" " tag="720">
      <subfield code="a">Lopez-Prades, Sandra</subfield>
      <subfield code="e">author</subfield>
   </datafield>
   <datafield ind2=" " ind1=" " tag="720">
      <subfield code="a">Díaz, Alba</subfield>
      <subfield code="e">author</subfield>
   </datafield>
   <datafield ind2=" " ind1=" " tag="720">
      <subfield code="a">Tarragona, Jordi</subfield>
      <subfield code="e">author</subfield>
   </datafield>
   <datafield ind2=" " ind1=" " tag="720">
      <subfield code="a">Zaffalon, Diana</subfield>
      <subfield code="e">author</subfield>
   </datafield>
   <datafield ind2=" " ind1=" " tag="260">
      <subfield code="c">2023-12-19T12:07:39Z</subfield>
   </datafield>
   <datafield ind2=" " ind1=" " tag="260">
      <subfield code="c">2023-12-19T12:07:39Z</subfield>
   </datafield>
   <datafield ind2=" " ind1=" " tag="260">
      <subfield code="c">2023-11-20</subfield>
   </datafield>
   <datafield ind2=" " ind1=" " tag="520">
      <subfield code="a">OSNA; Lymph node; Colorectal cancer</subfield>
   </datafield>
   <datafield ind2=" " ind1=" " tag="520">
      <subfield code="a">OSNA; Ganglio linfático; Cáncer colonrectal</subfield>
   </datafield>
   <datafield ind2=" " ind1=" " tag="520">
      <subfield code="a">OSNA; Gangli limfàtic; Càncer colonrectal</subfield>
   </datafield>
   <datafield ind2=" " ind1=" " tag="520">
      <subfield code="a">Early-stage colorectal carcinoma (CRC)-pT1-is a therapeutic challenge and presents some histological features related to lymph node metastasis (LNM). A significant proportion of pT1 CRCs are treated surgically, resulting in a non-negligible surgical-associated mortality rate of 1.5-2%. Among these cases, approximately 6-16% exhibit LNM, but the impact on survival is unclear. Therefore, there is an unmet need to establish an objective and reliable lymph node (LN) staging method to optimise the therapeutic management of pT1 CRC patients and to avoid overtreating or undertreating them. In this multicentre study, 89 patients with pT1 CRC were included. All histological features associated with LNM were evaluated. LNs were assessed using two methods, One-Step Nucleic Acid Amplification (OSNA) and the conventional FFPE plus haematoxylin and eosin (H&amp;E) staining. OSNA is an RT-PCR-based method for amplifying CK19 mRNA. Our aim was to assess the performance of OSNA and H&amp;E in evaluating LNs to identify patients at risk of recurrence and to optimise their clinical management. We observed an 80.9% concordance in LN assessment using the two methods. In 9% of cases, LNs were found to be positive using H&amp;E, and in 24.7% of cases, LNs were found to be positive using OSNA. The OSNA results are provided as the total tumour load (TTL), defined as the total tumour burden present in all the LNs of a surgical specimen. In CRC, a TTL ≥ 6000 CK19 m-RNA copies/µL is associated with poor prognosis. Three patients had TTL > 6000 copies/μL, which was associated with higher tumour budding. The discrepancies observed between the OSNA and H&amp;E results were mostly attributed to tumour allocation bias. We concluded that LN assessment with OSNA enables the identification of pT1 CRC patients at some risk of recurrence and helps to optimise their clinical management.</subfield>
   </datafield>
   <datafield ind2=" " ind1=" " tag="520">
      <subfield code="a">This research was supported by a grant from the Fondo de Investigación Sanitaria PI20/00863 awarded to M.C. and J.C., and PI19/01050 awarded to MP, and it was funded by Instituto de Salud Carlos III and Beca de la Marató de TV3 2020 (Beca la Marato—201932-30) awarded to MP. This research was also co-funded by the European Regional Development Fund/European Social Fund; “A way to make Europe”/“Investing in your future”. CIBEREHD is funded by the Instituto de Salud Carlos III.</subfield>
   </datafield>
   <datafield ind1="8" ind2=" " tag="024">
      <subfield code="a">http://hdl.handle.net/11351/10718</subfield>
   </datafield>
   <datafield tag="653" ind2=" " ind1=" ">
      <subfield code="a">Nodes limfàtics</subfield>
   </datafield>
   <datafield tag="653" ind2=" " ind1=" ">
      <subfield code="a">Còlon - Càncer</subfield>
   </datafield>
   <datafield tag="653" ind2=" " ind1=" ">
      <subfield code="a">Recte - Càncer</subfield>
   </datafield>
   <datafield tag="653" ind2=" " ind1=" ">
      <subfield code="a">ANATOMY::Tissues::Lymphoid Tissue::Lymph Nodes::Sentinel Lymph Node</subfield>
   </datafield>
   <datafield tag="653" ind2=" " ind1=" ">
      <subfield code="a">DISEASES::Neoplasms::Neoplasms by Site::Digestive System Neoplasms::Gastrointestinal Neoplasms::Intestinal Neoplasms::Colorectal Neoplasms</subfield>
   </datafield>
   <datafield tag="653" ind2=" " ind1=" ">
      <subfield code="a">ANATOMÍA::tejidos::tejido linfoide::ganglios linfáticos::ganglio linfático centinela</subfield>
   </datafield>
   <datafield tag="653" ind2=" " ind1=" ">
      <subfield code="a">ENFERMEDADES::neoplasias::neoplasias por localización::neoplasias del sistema digestivo::neoplasias gastrointestinales::neoplasias intestinales::neoplasias colorrectales</subfield>
   </datafield>
   <datafield ind2="0" ind1="0" tag="245">
      <subfield code="a">Lymph Node Molecular Analysis with OSNA Enables the Identification of pT1 CRC Patients at Risk of Recurrence: A Multicentre Study</subfield>
   </datafield>
</record></metadata></record></GetRecord></OAI-PMH>